[Event "Biella op 1st"]
[Site "Biella"]
[Date "2010.09.26"]
[Round "4"]
[White "Lavino, Stefano"]
[Black "Stefanini, Niccolo"]
[Result "1/2-1/2"]
[WhiteElo "1755"]
[BlackElo "1488"]
[PlyCount "85"]
[EventDate "2010.09.24"]
[EventType "swiss"]
[EventRounds "5"]
[EventCountry "ITA"]
[SourceTitle "EXT 2024"]
[Source "ChessBase"]
[SourceDate "2023.10.10"]
[SourceVersion "1"]
[SourceVersionDate "2023.10.10"]
[SourceQuality "1"]

1. d4 d5 2. Nf3 Nc6 3. g3 Bf5 4. c3 e6 5. Bg2 Be7 6. 0-0 Nf6 7. Nbd2 0-0 8. h3 Qd7 9. Nh4 Bg6 10. Nxg6 hxg6 11. Re1 Nb8 12. e4 dxe4 13. Nxe4 Nxe4 14. Bxe4 c6 15. Bg2 Na6 16. Be3 Nc7 17. c4 Rfd8 18. Qb3 Ne8 19. Rad1 Nf6 20. a4 a5 21. Rd3 Ra6 22. Red1 Qc7 23. Bg5 Rb6 24. Qc2 Rb4 25. Bd2 Rd7 26. Bxb4 Bxb4 27. Rc1 Qd8 28. Rcd1 Qc7 29. b3 b6 30. Qe2 Qd8 31. Qf3 Rd6 32. c5 bxc5 33. dxc5 Bxc5 34. Rxd6 Bxd6 35. Qxc6 Ne8 36. Be4 Qe7 37. Bd3 Bb4 38. Bb5 Nf6 39. h4 Kh7 40. Kg2 Kh6 41. f3 Nd5 42. Kh2 Qa7 43. Rxd5 1/2-1/2